| 000 | 00867nam a2200121Ia 4500 | ||
|---|---|---|---|
| 008 | 220616s9999||||xx |||||||||||||| ||und|| | ||
| 100 | _aSavelsberg, Joachim J. | ||
| 245 | 0 |
_aKnowing about Genocide _bArmenian Suffering and Epistemic Struggles |
|
| 546 | _aEnglish[eng] | ||
| 650 | _aHistory||Middle East||Turkey & Ottoman Empire||Political Science||Genocide & War Crimes||Sociology||Sociology of Knowledge and Collective Memory | ||
| 856 | _uhttps://library.oapen.org/bitstream/20.500.12657/46607/1/external_content.epub||https://library.oapen.org/bitstream/20.500.12657/46607/1/external_content.epub||https://library.oapen.org/bitstream/20.500.12657/46607/1/external_content.epub||https://library.oapen.org/bitstream/20.500.12657/46607/3/9780520380196_EPUB.epub||https://library.oapen.org/bitstream/20.500.12657/46607/4/9780520380196_WEB_Savelsberg.pdf | ||
| 942 | _cEB | ||
| 999 |
_c20680 _d20680 |
||